000 00948cab a2200289 4500
001 ABS51613
008 090401t xxu||||| |||| 00| 0 eng d
035 _a(Sirsi) u35217
041 _aeng
100 _aNewstead, R.
245 _aTowering triumphs
350 _a0
490 _aPlanning Week
_v2(43) 27 October 10-11(2)
520 _aExplains how government planning guidance, PPG8, is likely to affect the telecommunications industry`s practice on the siting of radio masts, but also how planners can adapt the policies to the advantage of local communities.
650 _aAERIALS
650 _aCOMMUNICATIONS NETWORKS
650 _aPLANNING APPLICATIONS
650 _aPLANNING CONTROL
650 _aPLANNING POLICY
650 _aPPG8
650 _aRADIO MASTS
650 _aTELECOMMUNICATIONS NETWORKS
690 _aPLANNING LAW AND PRACTICE
690 _aTRANSPORT AND COMMUNICATIONS
942 _n0
948 _c04/03/1997
999 _c23089
_d23089